Normal view MARC view

Entry Nombre personal

Number of records used in: 1

001 - NÚMERO DE CONTROL

  • campo de control: 233727

003 - IDENTIFICADOR DE NÚMERO DE CONTROL

  • campo de control: SpMaBN

005 - FECHA Y HORA DE LA ÚLTIMA TRANSACCIÓN

  • campo de control: 20250727150358.0

008 - ELEMENTOS DE DATO DE LONGITUD-FIJA

  • campo de control de longitud fija: 940601n| aijnnaabn a aaa ||

016 ## - NÚMERO DE CONTROL DE UNA AGENCIA BIBLIOGRÁFICA NACIONAL

  • Número de control del registro: BNE19942317812

024 7# - IDENTIFICADOR DE OTROS ESTÁNDARES

  • Número estándar o código: http://viaf.org/viaf/233236803/
  • Fuente: viaf

024 8# - IDENTIFICADOR DE OTROS ESTÁNDARES

  • Número estándar o código: https://data.cervantesvirtual.com/person/35910

024 7# - IDENTIFICADOR DE OTROS ESTÁNDARES

  • Número estándar o código: https://isni.org/isni/0000000367129717
  • Fuente: isni

024 7# - IDENTIFICADOR DE OTROS ESTÁNDARES

  • Número estándar o código: http://www.wikidata.org/entity/Q105946442
  • Fuente: wikidata

040 ## - FUENTE DE CATALOGACIÓN

  • Centro catalogador/agencia de origen: SpMaBN
  • Lengua de catalogación: spa
  • Centro/agencia transcriptor: SpMaBN
  • Normas de descripción: rdc
  • Convención/Normas de encabezamiento de materia/tesauro: embne

046 ## - FECHAS CON CODIFICACIÓN ESPECIAL

  • Fecha de nacimiento: 1962

100 1# - ENCABEZAMIENTO-NOMBRE DE PERSONA

  • Nombre de persona: Moyano Andrés, Isabel,
  • Fechas asociadas al nombre: 1962-

375 ## - GÉNERO/SEXO

  • Género: Femenino

377 ## - IDIOMA ASOCIADO

  • Código del idioma: spa
  • Término de lengua/lenguaje: Español

400 1# - TRAZADO DE VÉASE--NOMBRE DE PERSONA

  • Nombre de persona: Moyano, Isabel,
  • Fechas asociadas al nombre: 1962-

670 ## - FUENTE DE DATOS ENCONTRADOS

  • Cita de la fuente: Nuevos ingresos de manuscritos en la Biblioteca Nacional, 1994
  • Información encontrada: v. port. (revisión del índice, Isabel Moyano Andrés)

670 ## - FUENTE DE DATOS ENCONTRADOS

  • Cita de la fuente: La cocina en su tinta, 2010
  • Información encontrada: v. port. (comisarios, Isabel Moyano)

670 ## - FUENTE DE DATOS ENCONTRADOS

  • Cita de la fuente: Información personal de la autora, 18-2-2005
  • Información encontrada: (n. 1962, Madrid; bibliotecaria)